000 00777nam a2200241 4500
001 16011
010 _a9789899107557
021 _b526407/24
090 _a16011
100 _a20240416d2024 bc y0pory50030103ba
200 1 _aEu sou um tigre
_fKarl Newson
_gil. Ross Collins
_gtrad. Helena Cruz Ventura
205 _a1ª ed
210 9 _aCosta da Caparica
_cThe Poets and Dragons Society,
_d2024
215 _a[28] p.
_cil.
_d27 cm
304 _aTít. orig.: I am a tiger
675 _a087.5
_vBN
_zpor
675 _a821.111-93"20"
_vBN
_zpor
700 1 _aNewson,
_bKarl
701 1 _aCollins,
_bRoss,
_f1972-
702 1 _aVentura,
_bHelena Cruz
801 0 _aPT
_bBN
_gRPC
856 4 1 _uhttp://rnod.bnportugal.gov.pt/ImagesBN/winlibimg.aspx?skey=&doc=2164265&img=192868&save=true
990 _cLIVROS